|
|
|
|
| LEADER |
00000nbm0a2200000 4500 |
| 001 |
203999 |
| 005 |
20231101225203.0 |
| 035 |
|
|
|a (RuTPU)RU\TPU\book\222324
|
| 035 |
|
|
|a RU\TPU\book\222323
|
| 090 |
|
|
|a 203999
|
| 100 |
|
|
|a 20111117j20111025k y0rusy50 ca
|
| 101 |
0 |
|
|a rus
|
| 102 |
|
|
|a RU
|
| 105 |
|
|
|a a m 001zy
|
| 200 |
1 |
|
|a Физико-химические основы процессов агломерации дисперсных материалов и их аппаратурное обеспечение
|e диссертация на соискание ученой степени доктора технических наук
|e спец. 05.17.08
|f Т. Н. Ильина
|g Белгородский государственный технологический университет им. В. Г. Шухова (БГТУ) ; науч. конс. В. С. Севостьянов
|
| 210 |
|
|
|a Белгород
|d 2011
|
| 215 |
|
|
|a 397 л.
|c ил.
|
| 300 |
|
|
|a Защищена 25.10.2011 г.
|
| 320 |
|
|
|a Библиогр.: с. 328-354 (291 назв.).
|
| 606 |
1 |
|
|a Дисперсные материалы
|x Производство
|x Физико-химические основы
|2 stltpush
|3 (RuTPU)RU\TPU\subj\31936
|9 54650
|
| 610 |
1 |
|
|a агломерация
|
| 610 |
1 |
|
|a переработка
|
| 610 |
1 |
|
|a технические средства
|
| 610 |
1 |
|
|a полидисперсные материалы
|
| 610 |
1 |
|
|a компактирование
|
| 610 |
1 |
|
|a гранулы
|
| 610 |
1 |
|
|a структурообразование
|
| 610 |
1 |
|
|a формирование
|
| 610 |
1 |
|
|a гранулируемые шихты
|
| 610 |
1 |
|
|a компоненты
|
| 610 |
1 |
|
|a физико-химические взаимодействия
|
| 610 |
1 |
|
|a механизм
|
| 610 |
1 |
|
|a исследование
|
| 610 |
1 |
|
|a конструктивно-технологические параметры
|
| 610 |
1 |
|
|a разработка
|
| 610 |
1 |
|
|a диссертации
|
| 675 |
|
|
|a 661.182(04)
|v 3
|
| 686 |
|
|
|a 05.17.08
|2 oksvnk
|
| 700 |
|
1 |
|a Ильина
|b Т. Н.
|g Татьяна Николаевна
|
| 702 |
|
1 |
|a Севостьянов
|b В. С.
|g Владимир Семенович
|4 695
|
| 712 |
0 |
2 |
|a Белгородский государственный технологический университет им. В. Г. Шухова (БГТУ)
|2 stltpush
|3 (RuTPU)RU\TPU\col\14716
|
| 801 |
|
1 |
|a RU
|b 63413507
|c 20111117
|
| 801 |
|
2 |
|a RU
|b 63413507
|c 20111128
|g RCR
|
| 942 |
|
|
|c BK
|